000 02162cam a2200133 4500500
005 20251214004415.0
041 _afre
042 _adc
100 1 0 _aWhitman, James Q.
_eauthor
245 0 0 _aLe modèle américain d'Hitler : Comment les lois raciales américaines inspirèrent les nazis
260 _bArmand Colin,
_c2018.
520 _aAllemagne, années 1930 : les nazis préparent leur accession au pouvoir. Dans la perspective des futures lois raciales de Nuremberg, ils s’intéressent tout particulièrement aux politiques ségrégationnistes mises en place aux États-Unis.Ironie de l’histoire, les nazis estimeront que la politique américaine va trop loin, notamment avec la loi « une seule goutte suffit » (ou « One-Drop Rule ») qui leur permet de classer les Africains-américains en citoyens de seconde classe. Les lois raciales nazies ont-elles été inspirées par ce « modèle américain » ?L’auteur, James Whitman, répond par l’affirmative, ayant mené une enquête détaillée sur l’impact américain lors de la mise en place des principales lois de Nuremberg, pièces maîtresses de la ségrégation antijuive du régime nazi. S’opposant à l’idée généralement défendue par les historiens que la politique de répression américaine n’aurait aucun lien significatif avec les lois raciales allemandes, l’auteur démontre dans cet essai que les nazis ont, au contraire, montré un grand intérêt, réel et soutenu, que ce modèle leur a servi de base dans l’élaboration de leur propre système de ségrégation.Cet essai nous fait comprendre, au-delà de l’histoire du Troisième Reich, l’influence de l’Amérique sur les pratiques racistes dans le monde.  « Le livre de James Whitman est une belle leçon d’histoire », Johann Chapoutot, Professeur d’histoire contemporaine à la Sorbonne« Dans sa nouvelle histoire saisissante, Whitman retrace l’influence substantielle des lois raciales américaines sur le Troisième Reich », Jeff Guo, Washington Post
856 4 1 _uhttps://shs.cairn.info/le-modele-americain-d-hitler--9782200620295?lang=fr&redirect-ssocas=7080
999 _c1568532
_d1568532